Jowitt's dictionary of English law (Record no. 1817)
[ view plain ]
| 000 -LEADER | |
|---|---|
| fixed length control field | nam a22 a 4500 |
| 005 - DATE AND TIME OF LATEST TRANSACTION | |
| control field | 20170512095425.0 |
| 008 - FIXED-LENGTH DATA ELEMENTS--GENERAL INFORMATION | |
| fixed length control field | 170512b18851985enk||||| |||| 00| 0 eng d |
| 020 ## - INTERNATIONAL STANDARD BOOK NUMBER | |
| International Standard Book Number | 0421230908 |
| Terms of availability | £45.00 |
| 040 ## - CATALOGING SOURCE | |
| Original cataloging agency | AKMAL |
| 082 04 - DEWEY DECIMAL CLASSIFICATION NUMBER | |
| Classification number | 340.03 BUR |
| 090 ## - LOCALLY ASSIGNED LC-TYPE CALL NUMBER (OCLC); LOCAL CALL NUMBER (RLIN) | |
| Classification number (OCLC) (R) ; Classification number, CALL (RLIN) (NR) | 340.03 |
| Local cutter number (OCLC) ; Book number/undivided call number, CALL (RLIN) | BUR |
| 100 1# - MAIN ENTRY--PERSONAL NAME | |
| Personal name | Jowitt, William Allen Jowitt, |
| Dates associated with a name | 1885-1957. |
| 9 (RLIN) | 3755 |
| 245 10 - TITLE STATEMENT | |
| Title | Jowitt's dictionary of English law |
| Statement of responsibility, etc. | by the late Earl Jowitt and Clifford Walsh. |
| 250 ## - EDITION STATEMENT | |
| Edition statement | 2nd ed |
| Remainder of edition statement | [edited] by John Burke. |
| 260 ## - PUBLICATION, DISTRIBUTION, ETC. | |
| Place of publication, distribution, etc. | London : |
| Name of publisher, distributor, etc. | Sweet and Maxwell |
| Date of publication, distribution, etc. | 1977-1985. |
| 300 ## - PHYSICAL DESCRIPTION | |
| Extent | 2 v. ([11], 1935 p.) ; |
| Dimensions | 26cm |
| Accompanying material | Supplements |
| 500 ## - GENERAL NOTE | |
| General note | Previous ed.: published as 'The dictionary of English law'. 1959. |
| 504 ## - BIBLIOGRAPHY, ETC. NOTE | |
| Bibliography, etc. note | Bibliography: p. 1923-1935. |
| 599 ## - LOCAL NOTE | |
| Local Note | DALAM PROSES |
| 650 #0 - SUBJECT ADDED ENTRY--TOPICAL TERM | |
| Topical term or geographic name entry element | Law |
| General subdivision | Dictionaries. |
| Geographic subdivision | England |
| 9 (RLIN) | 351 |
| 700 1# - ADDED ENTRY--PERSONAL NAME | |
| Personal name | Walsh, Clifford. |
| 9 (RLIN) | 3756 |
| 700 1# - ADDED ENTRY--PERSONAL NAME | |
| Personal name | Burke, John McDonald. |
| 9 (RLIN) | 3757 |
| 852 41 - LOCATION | |
| Location | British Library |
| Sublocation or collection | HMNTS |
| 942 ## - ADDED ENTRY ELEMENTS (KOHA) | |
| Source of classification or shelving scheme | |
| Koha item type | Book |
| Withdrawn status | Lost status | Source of classification or shelving scheme | Damaged status | Not for loan | Collection code | Home library | Current library | Shelving location | Date acquired | Inventory number | Total Checkouts | Full call number | Barcode | Date last seen | Price effective from | Koha item type |
|---|---|---|---|---|---|---|---|---|---|---|---|---|---|---|---|---|
| NON-FICTION | AKMAL Melaka | AKMAL Melaka | PINJAMAN | 12.05.2017 | 300451 | 340.03 BUR | 201705799 | 12.05.2017 | 12.05.2017 | Book |
